1 sport, 1 question (spécial Belgique) - Statistiques

Statistiques générales
  • Ce quiz a été pris 69 fois
  • Le résultat moyen est 7 sur 15
Statistiques - réponses
Sport Question Réponse % Correct
Sprint Famille de sprinteur(e)s spécialistes du 400 mètres Famille Borlée
85%
Tennis Joueuse ayant remporté Rolland Garros à 4 reprises entre 2003 et 2007 Justine Henin
80%
Formule 1 Circuit accueillant le Grand Prix Automobile de Belgique Spa-Francorchamps
75%
Mystère Discipline dont Nafissatou Thiam est triple championne olympique Heptathlon
68%
Cyclisme Champion olympique de cyclisme sur route en 2016 à Rio Greg Van Avermaet
51%
Tennis de table Recordman de titres de Champion de Belgique de tennis de table(25 titres) Jean-Michel Saive
49%
Athlétisme Compétition d'athlétisme se déroulant au Stade Roi Baudouin de Bruxelles en septembre Mémorial Van Damme
49%
Hockey sur gazon Surnom de l'équipe féminine de hockey sur gazon Les Red Panthers
42%
Gymnastique Championne olympique aux barres asymétriquesde à Tokyo en 2021 Nina Derwael
39%
Football Dernier club de football (masculin) a avoir remporté une grande compétition européenne FC Malines
37%
Handisport Joueur de tennis en fauteuil roulant devenu numéro 1 mondial en 2016 Joachim Gérard
37%
Basketball Club le plus titré Championnat de Belgique de basketball (masculin) BC Ostende
36%
Marathon Médaillé de bronze aux Jeux Olympiques de Tokyo en 2021 et d'argent à Paris en 2024 Bashir Abdi
22%
Patinage artistique Première belge championne d'Europe de patinage artistique en 2024 Loena Hendrickx
12%
Handball Club le plus titré Championnat de Belgique de handball (féminin) Fémina Visé Handball
5%
Aucun quiz correspondant
Distribution des résultats
% des personnes avec chaque résultat
Percentile par nombre de réponses
Votre historique - résultats
Vous n’avez pas pris ce quiz